| 000 | 01485nam a22003857a 4500 | ||
|---|---|---|---|
| 003 | CHAP | ||
| 005 | 20221117105646.0 | ||
| 008 | 110121s2009 mx a r 00010 spa d | ||
| 010 | _a100325 | ||
| 011 | _a101297 | ||
| 020 | _a978-607-12-0088-4 (vol. 2) | ||
| 020 | _a9786071200877 (vol. 1) | ||
| 035 | _a111984 | ||
| 040 | _cCHAP | ||
| 082 | 0 | 4 |
_a307.72 _bD45 |
| 245 | 0 | 0 |
_aDesarrollo rural : _bdemocracia, soberanía, migración _c/coordinado por César Adrián Ramírez Miranda ...[et al.] |
| 260 |
_aChapingo, Méx. : _bUACH. Dirección de Centros Regionales Universitarios, _c2009 |
||
| 300 |
_a2 v. : _bilus., cuadros, gráfs. |
||
| 505 | 0 | _aLa biblioteca tiene : v.1 Enfoques sobre desarrollo y migración.-- v.2 Políticas públicas y los actores | |
| 590 |
_aBATCH-UPD _b10 _c20130110 _lUCH01 _h0958 |
||
| 590 |
_aBATCH-UPD _b10 _c20130410 _lUCH01 _h0610 |
||
| 590 |
_aBATCH-UPD _b10 _c20130914 _lUCH01 _h1157 |
||
| 590 |
_aCONVERSION _b10 _c20130109 _lUCH01 _h1355 |
||
| 650 | 1 | 4 |
_aDesarrollo rural. _932067 |
| 650 | 1 | 4 |
_aEmigración e inmigración. _936517 |
| 650 | 1 | 4 |
_aPolítica agrícola. _990283 |
| 650 | 1 | 4 | _aPolítica económica. |
| 650 | 1 | 4 |
_aPolítica social. _990696 |
| 700 | 0 |
_aRamírez Miranda, César Adrián _e, coord. _994152 |
|
| 901 | _aBK | ||
| 911 | _aen proceso | ||
| 942 | _cLIBRO | ||
| 949 |
_a307.72 D45 _bBC _cLIBRO _d33724002229842 _eLIBRO _fv.2 _h14070 _i111984 _si |
||
| 949 |
_a307.72 D45 _bBC _cLIBRO _d33724002229884 _eLIBRO _fv.1 _h14069 _i111984 _sb |
||
| 999 |
_c100325 _d100325 |
||